A popular treatise on the currency question written from a southern point of view /

Bibliographic Details
Main Author: Hughes, Robert W. (Robert William), 1821-1901
Format: Book
Language:English
Published: New York : G. P. Putnam's Sons, 1879.
Subjects:

MARC

Tag First Indicator Second Indicator Subfields
LEADER 00000cam a2200000 4500
001 in00000061330
005 20151008051648.0
008 760226s1879 nyu 00000 eng
010 |a  06019568  
035 |a (OCoLC)02014403 
035 |9 AAG9261AM 
040 |a DLC  |c IAU  |d TXA  |d UtOrBLW 
049 |a TXAM  |c [73527] 
050 0 |a HG527  |b .H9 
092 |a 332.5  |b H894r 
100 1 |a Hughes, Robert W.  |q (Robert William),  |d 1821-1901. 
245 1 2 |a A popular treatise on the currency question written from a southern point of view /  |c by Robert W. Hughes. 
264 1 |a New York :  |b G. P. Putnam's Sons,  |c 1879. 
300 |a ix, 213 pages ;  |c 19 cm. 
336 |a text  |b txt  |2 rdacontent 
337 |a unmediated  |b n  |2 rdamedia 
338 |a volume  |b nc  |2 rdacarrier 
650 0 |a Currency question  |z United States. 
999 |a MARS 
999 f f |s 33afe3de-6763-353d-ab73-9fb85c6b6b90  |i 20048401-714b-3231-adad-cb884a942df4  |t 0 
952 f f |p ric  |a Texas A&M University  |b Rellis Campus  |c Joint Library Facility  |d Remote Storage  |t 0  |e HG527 .H9  |h Library of Congress classification  |i unmediated -- volume  |m A14800735204 
998 f f |a HG527 .H9  |t 0  |l Remote Storage